Brock: biología de los microorganismos

Gorde:
Xehetasun bibliografikoak
Egile nagusia: Madigan, Michael T. (autor)
Beste egile batzuk: Martinko, John M, Parker, Jack
Formatua: Liburua
Hizkuntza:gaztelania
Argitaratua: Madrid Pearson Educación 2004
Edizioa:Décima edición
Gaiak:
Etiketak: Etiketa erantsi
Etiketarik gabe, Izan zaitez lehena erregistro honi etiketa jartzen!

MARC

LEADER 00000nam a2200000 a 4500
001 UCL9608
003 CL-VaPUC
005 20230801171526.0
008 040813e20040000SP |||||||||||||||||spa|d
999 |c 310348  |d 310346 
020 |a 8420536792 
040 |c Pontificia Universidad Católica de Valparaíso 
082 0 4 |a 576 MAD 2004  |2 21 
100 |a Madigan, Michael T.  |e autor  |9 611992 
245 1 0 |a Brock: biología de los microorganismos 
250 |a Décima edición 
260 |a Madrid  |b Pearson Educación  |c 2004 
300 |a 1011 páginas 
583 |a last modification  |c 20171031 11:00:27  |k Rodrigo Vera 
650 0 |a Microbiología   |9 259706 
650 0 |a Microorganismos  |9 264259 
650 0 |a Enfermedades infecciosas  |9 337719 
650 0 |a Biotecnología   |9 259561 
650 0 |a Enfermedades de origen alimentario  |9 545928 
700 0 |a Martinko, John M  |9 487511 
700 0 |a Parker, Jack  |9 487512 
942 |c BK  |2 ddc 
945 |d 20040813 00:00:00  |a cmena 
952 |0 0  |1 0  |2 ddc  |4 0  |6 576_000000000000000_MAD_2004  |7 0  |8 A  |9 378672  |a BIBCUR  |b BIBCUR  |c PAC  |d 2019-11-21  |i 419263K  |o 576 MAD 2004  |p 419263K  |r 2025-04-22  |t 2  |w 2019-11-21  |y BK  |k BIO 
952 |0 0  |1 0  |2 ddc  |4 0  |6 576_000000000000000_MAD_2004  |7 0  |8 A  |9 378673  |a BIBCUR  |b BIBCUR  |d 2019-11-21  |i 4192648  |o 576 MAD 2004  |p 4192648  |r 2025-04-22  |t 3  |w 2019-11-21  |y BK  |k BIO 
952 |0 0  |1 0  |2 ddc  |4 0  |6 576_000000000000000_MAD_2004  |7 0  |8 A  |9 378674  |a BIBCUR  |b BIBCUR  |d 2019-11-21  |i 424740K  |o 576 MAD 2004  |p 424740K  |r 2025-04-22  |t 4  |w 2019-11-21  |y BK  |k BIO 
952 |0 0  |1 0  |2 ddc  |4 0  |6 576_000000000000000_MAD_2004  |7 0  |8 A  |9 378675  |a BIBALI  |b BIBALI  |c RES  |d 2019-11-21  |i 4422449  |o 576 MAD 2004  |p 4422449  |r 2025-01-20  |t 5  |w 2019-11-21  |y BK_R  |k ALI